00339nam a2200133Ia 45000030006000000080041000060400015000471000023000622450052000852500010001372600029001475460012001760050017001880STCL150530s9999 xx 000 0 und d aSTCLcSTCL aSurendra Patel, J. aIndian economy towards the twenty first century aFirst bUniversities pressc1995 aEnglish20220125165509.0